| 000 | 00501nam a2200157 a 4500 | ||
|---|---|---|---|
| 005 | 20140412111230.0 | ||
| 008 | 020410s19uu xx 00 eng d | ||
| 050 |
_aTR(GS 372.72 _bRy988 1981 |
||
| 100 | _aRyono, Sue | ||
| 245 |
_aMath dot-to-dot, grades K-2 : _bnumbers 1 to 25 / _cwritten and illustrated by Sue Ryono. |
||
| 260 |
_aCalifornia : _bFrank Schaffer Publications, Inc, _c1981. |
||
| 300 | _a20 p. ; ill. | ||
| 500 | _aPreschool | ||
| 650 |
_aMath _xJuvenile literature |
||
| 999 |
_c102148 _d102148 |
||